000 01596nam a2200325 i 4500
003 EG-GICUC
005 20260129000138.0
008 260128s19801400au ||||fr|||| 000 0 ara d
040 _aEG-GiCUC
_cEG-GiCUC
_dEG-GiCUC
_eRda
041 0 _aara
082 0 4 _221
_a345.8
_bه ا . د
092 0 4 _221
099 _aLaw107 345.8 ه ا . د 1 ed - 1980
100 1 _aهاني الدرديري
_eمؤلف.
245 1 2 _aالدليل العلمي للإجراءات والصيغ القانونية أمام مجلس الدولة.
_nالجزء الأول،
_pالاجراءات والصيغ القانونية أمام محاكم أول درجة ( محكمة القضاء الادارى - المحاكم الادارية - المحاكم التأديبية ) :
_bطبقا للقانون رقم 47 لسنة 1972, ومتضامنا لأحكام المحكمة الإدارية العليا حتي عام 1979 /
_cإعداد هاني الدرديري.
250 _aالطبعة الأولي
264 1 _aالقاهرة :
_bدار النهضة العربية،
_c1980.
300 _aصفحة ؛ 557
_c 24 cm.
336 _2rda contenu
_a texte
337 _2rda medias
_aOrdinateur
338 _2 transporteur rda
_a Ressource en ligne
504 _a. 240-220 ببليوجرافيا: صفحات.
546 _aالنص باللغة العربية
650 1 4 _aالقضاء الإداري ووظائفه
_2qrmak
650 1 4 _aالقانون الإداري
_2qrmak
651 1 _2qrmak
856 4 0 _uhttps://fll.law.cu.edu.eg/fulltext/bks/B07-03331.pdf
905 _a77
942 _2ddc
_cBK
_e21
_n0
999 _c60020
_d60020